Breed : death stage /

Saved in:
Bibliographic Details
Main Author: Muir, James A.
Format: Book
Language:English
Published: London : Sphere, 1977.
Series:Muir, James A. Breed ; no. 4.
Subjects:
LEADER 00994cam a2200289 a 4500
001 c000272134
003 CARM
005 20070917101232.0
008 771031s1977 enk 000 1 eng d
015 |a B7728939 
019 1 |a 3418006  |5 LACONCORD2021 
020 |a 0722162634 (pbk.) :  |c £0.65 
035 |a (OCoLC)16372660  |5 LACONCORD2021 
040 |a BNB  |b eng  |c BNB  |d ABN:1V  |d VCAV 
082 0 4 |a 823.914  |2 22 
100 1 |a Muir, James A. 
245 1 0 |a Breed :  |b death stage /  |c James A. Muir. 
246 3 |a Death stage 
260 |a London :  |b Sphere,  |c 1977. 
300 |a 143 p. ;  |c 18 cm. 
490 1 |a Breed ;  |v no. 4 
500 |a Fiction in English, 1900-. Texts (BNB/PRECIS) 
650 0 |a English fiction. 
800 1 |a Muir, James A.  |t Breed ;  |v no. 4. 
852 8 |b CARM  |h A1:AM17A0  |i A04799  |p 0374463  |f BK 
999 f f |i 84332b6f-98c3-59a0-b5aa-8e6c21dcab71  |s 29379622-a3c6-5b67-b7ed-cc988522b707 
952 f f |p Can circulate  |a CAVAL  |b CAVAL  |c CAVAL  |d CARM 1 Store  |e A04799  |f A1:AM17A0  |h Other scheme  |i book  |m 0374463